000 00539nam a2200205Ia 4500
005 20250923150121.0
008 008 250917s9999 xx 000 0 eng d
037 _aTextual
040 _aDSWL
_beng
_cDSWL
041 _aeng
_2eng
084 _qDSWL
100 _aRehman, Kanta
_9842411
245 0 _aForced separation : Children of imprisoned mother
_c by Kanta Rehman
260 _aMumbai
_bPrayas India
_c2002
300 _a192p.
365 _aINR
_b150
925 _g150
942 _cTEXL
999 _c1459735
_d1459735